000 00452nam a22001697a 4500
005 20251108170554.0
008 250721s2001 xx 000 0 ara d
082 1 4 _a133.5/شيا
100 1 _aشيا، سميح
245 1 0 _aالأبراج عند شعوب العالم /
264 1 _aدمشق :
_bدار المعرفة،
_c2001.
300 _a140ص
650 1 7 _aالتنجيم
650 1 7 _aالأبراج
942 _2ddc
_cBK
999 _c43827
_d43827